| 000 | 00462nam a2200169Ia 4500 | ||
|---|---|---|---|
| 003 | GCL | ||
| 008 | 140319s9999 xx 000 0 eng d | ||
| 040 |
_aGCL / _cGCL |
||
| 082 | 0 | 4 |
_a621.395 _bR E |
| 100 | 1 | _aRICHARDS, R. K | |
| 245 | 1 | 0 |
_aELECTRONIC DIGITAL COMPONENTS AND CIRCUITS / _cRICHARDS, R. K |
| 260 |
_a[S.N] : _bVAN NOSTRAND COMPANY ، _c1967 |
||
| 300 | _a526 P | ||
| 650 | 0 | 4 | _aDIGITAL ELECTRONICS |
| 650 | 0 | 4 | _aDIGITAL CIRCUITS |
| 942 |
_2ddc _cBK |
||
| 999 |
_c12158 _d12158 |
||